El Proceso de formación en estudios de la mujer: reflexiones teórico-técnicas
Kaydedildi:
| Yazar: | |
|---|---|
| Materyal Türü: | Metin |
| Baskı/Yayın Bilgisi: |
Buenos Aires:
Centro de Estudios de la Mujer
|
| Etiketler: |
Etiketle
Etiket eklenmemiş, İlk siz ekleyin!
|
MARC
| LEADER | 00000 a a2200000 04500 | ||
|---|---|---|---|
| 001 | 14077 | ||
| 003 | |||
| 040 | |||
| 090 | |a 028100 | ||
| 100 | |a Bonder, Gloria | ||
| 245 | |a El Proceso de formación en estudios de la mujer: reflexiones teórico-técnicas | ||
| 260 | |a Buenos Aires: |b Centro de Estudios de la Mujer | ||
| 300 | |a 2; 15 p. | ||
| 999 | |c 4188 |d 4188 | ||
